| 000 | 01094nam a2200229Ia 4500 | ||
|---|---|---|---|
| 001 | b766-23034 [1580] | ||
| 003 | IT-MiCISF | ||
| 005 | 20240919122447.0 | ||
| 008 | 161014s9999||||xx |||||||||||||| ||und|| | ||
| 040 |
_aIT-MiCISF _cIT-MiCISF |
||
| 041 | _ait | ||
| 100 |
_aConferenza Episcopale Italiana. Commissione per la famiglia _960967 |
||
| 245 | 0 |
_aIl cammino della pastorale familiare in Italia. _bDalla presa di coscienza alla realizzazione. _cAtti del Convegno nazionale, Roma, 3-6 maggio 1979 |
|
| 260 |
_a Roma, _bAVE, _c1979 |
||
| 300 | _app. 285 | ||
| 500 | _afamiglia, cambiamenti-famiglia, matrimonio, divorzio, chiesa-locale, chiesa-domestica, pastorale-familiare, preparazione-al-matrimonio, evangelizzazione, procreazione-responsabile | ||
| 650 | _apastorale-familiare | ||
| 654 | _aatti | ||
| 700 |
_aFiordelli P., Campanini G, Campanini G., Felici P., Riva C., Maverna L., Rubin W., _aColombo G., Scabini P., Simonis S. e G., Zappone C. e D., Melchiorre V., _aBertazzoni A. e N., Fregni G., Biancardi M. e D., Cappella A. _960968 |
||
| 942 |
_cBK _2ddc |
||
| 999 |
_c209673 _d209673 |
||
| 999 | _bsi | ||